Future of home-ownership report published (Record no. 73803)
[ view plain ]
| 000 -LEADER | |
|---|---|
| fixed length control field | 01115cam a2200205 4500 |
| 001 - CONTROL NUMBER | |
| control field | WB3944-12 |
| 008 - FIXED-LENGTH DATA ELEMENTS--GENERAL INFORMATION | |
| fixed length control field | 031118n2003 000 0 eng u |
| 035 ## - SYSTEM CONTROL NUMBER | |
| System control number | (Sirsi) u124363 |
| 245 ## - TITLE STATEMENT | |
| Title | Future of home-ownership report published |
| 260 ## - PUBLICATION, DISTRIBUTION, ETC. | |
| Date of publication, distribution, etc. | 2003 |
| 490 ## - SERIES STATEMENT | |
| Series statement | Housing Corporation News Release |
| Volume/sequential designation | (64/03) 13 November 2003 (3) |
| 520 ## - SUMMARY, ETC. | |
| Summary, etc. | The government Home Ownership Task Force has launched its report "A home of my own", which examines how those in housing can be helped to meet their home ownership needs in a sustainable and cost effective way. It looks at what can be done to help tenants and those on waiting lists to move into home ownership without the loss of social housing. Copies of the report can be downloaded from http://www.housingcorplibrary.org.uk/housingcorp.nsf/AllDocuments/1878DD46947B554780256DDD004B2A1C. http://www.housingcorplibrary.org.uk/housingcorp.nsf/AllDocuments/617A36447951380980256DDD00412A65 |
| 590 ## - LOCAL NOTE (RLIN) | |
| Local note | WB |
| 650 ## - SUBJECT ADDED ENTRY--TOPICAL TERM | |
| Topical term or geographic name entry element | HOME OWNERSHIP |
| 650 ## - SUBJECT ADDED ENTRY--TOPICAL TERM | |
| Topical term or geographic name entry element | SUSTAINABLE HOME OWNERSHIP |
| 650 ## - SUBJECT ADDED ENTRY--TOPICAL TERM | |
| Topical term or geographic name entry element | TENANTS |
| 650 ## - SUBJECT ADDED ENTRY--TOPICAL TERM | |
| Topical term or geographic name entry element | HOUSING NEEDS |
| 690 ## - LOCAL SUBJECT ADDED ENTRY--TOPICAL TERM (OCLC, RLIN) | |
| Topical term or geographic name as entry element | HOUSING |
| 942 ## - ADDED ENTRY ELEMENTS (KOHA) | |
| Suppress in OPAC | 0 |
| Withdrawn status | Lost status | Source of classification or shelving scheme | Damaged status | Not for loan | Home library | Current library | Shelving location | Date acquired | Total Checkouts | Full call number | Barcode | Date last seen | Copy number | Price effective from | Koha item type |
|---|---|---|---|---|---|---|---|---|---|---|---|---|---|---|---|
| Dewey Decimal Classification | London | London | News article | 18/11/2003 | WB3944-12 | 124363-1001 | 06/08/2019 | 1 | 06/08/2019 | News article |